[Event "SLO-chT Central 21st"]
[Site "Slovenia"]
[Date "2020.10.08"]
[Round "4.3"]
[White "Semeja, Mirko"]
[Black "Grasic, Marjan"]
[Result "0-1"]
[WhiteElo "1801"]
[BlackElo "1702"]
[PlyCount "104"]
[EventDate "2020.09.17"]
[EventType "team-swiss"]
[EventRounds "5"]
[EventCountry "SLO"]
[SourceTitle "EXT 2024"]
[Source "ChessBase"]
[SourceDate "2023.10.10"]
[SourceVersion "1"]
[SourceVersionDate "2023.10.10"]
[SourceQuality "1"]
[WhiteTeam "Crni Graben"]
[BlackTeam "Menges Trzin"]
[WhiteTeamCountry "SLO"]
[BlackTeamCountry "SLO"]

1. d4 d5 2. Nf3 Nf6 3. e3 Bg4 4. Be2 e6 5. 0-0 Nbd7 6. c4 c6 7. Nc3 Bd6 8. h3 Bh5 9. cxd5 cxd5 10. Bd2 a6 11. Rc1 Rc8 12. Qa4 0-0 13. a3 Qe7 14. Qd1 Rc7 15. b4 Rfc8 16. Na4 Ne4 17. Nc5 Ndf6 18. Nd3 Nxd2 19. Qxd2 Ne4 20. Qb2 Nc3 21. Nc5 Nxe2+ 22. Qxe2 b6 23. Nd3 Rxc1 24. Nxc1 b5 25. Nd3 Qf6 26. g4 Bg6 27. Nc5 Be4 28. Nd2 Bg6 29. f3 Qh4 30. Qg2 h5 31. f4 hxg4 32. Qxg4 Qxg4+ 33. hxg4 Bxc5 34. dxc5 Bd3 35. Rc1 f6 36. Kf2 g5 37. Nf3 Kf7 38. fxg5 fxg5 39. Ne5+ Kf6 40. Nxd3 e5 41. Kg3 e4 42. Nf2 Ke5 43. Nh3 d4 44. exd4+ Kxd4 45. Nxg5 Kd3 46. Ne6 e3 47. Nf4+ Kd2 48. Rh1 Re8 49. Kf3 e2 50. Rh2 Re3+ 51. Kg2 e1Q 52. Nh5 Re2+ 0-1

[Event "Ljubljana-chT 73rd"]
[Site "Ljubljana"]
[Date "2020.02.13"]
[Round "4.4"]
[White "Grasic, Marjan"]
[Black "Cedilnik, Branko"]
[Result "1-0"]
[WhiteElo "1731"]
[BlackElo "1519"]
[PlyCount "103"]
[EventDate "2020.01.16"]
[EventType "team-swiss"]
[EventRounds "6"]
[EventCountry "SLO"]
[SourceTitle "EXT 2024"]
[Source "ChessBase"]
[SourceDate "2023.10.10"]
[SourceVersion "1"]
[SourceVersionDate "2023.10.10"]
[SourceQuality "1"]
[WhiteTeam "Menges Trzin II"]
[BlackTeam "Medvode Vittori Swimmear"]
[WhiteTeamCountry "SLO"]
[BlackTeamCountry "SLO"]

1. e4 e6 2. d4 d5 3. Nd2 c5 4. c3 cxd4 5. cxd4 Nc6 6. Ngf3 Nf6 7. e5 Ne4 8. Bd3 Bb4 9. 0-0 f5 10. exf6 Nxf6 11. a3 Bd6 12. Bb5 0-0 13. b4 Ne7 14. Re1 Nf5 15. Bb2 a6 16. Bd3 Nh6 17. Ne5 Bxe5 18. dxe5 Nfg4 19. Nf3 Nf7 20. h3 Ngh6 21. Qc2 Ng5 22. Nxg5 Qxg5 23. Bxh7+ Kh8 24. Bc1 Qe7 25. Bd3 Bd7 26. Bxh6 gxh6 27. Rac1 Rac8 28. Qd2 Qg5 29. Qxg5 hxg5 30. f3 Kg7 31. Kf2 Rxc1 32. Rxc1 Rc8 33. Rxc8 Bxc8 34. g3 Bd7 35. f4 gxf4 36. g4 Ba4 37. Kf3 Kh6 38. Kxf4 Be8 39. h4 Bg6 40. Be2 Bc2 41. g5+ Kg7 42. h5 d4 43. Bc4 Bf5 44. b5 axb5 45. Bxb5 Kf8 46. g6 Kg7 47. Kg5 d3 48. h6+ Kg8 49. Ba4 d2 50. Bd1 b5 51. Kf6 Kh8 52. Kf7 1-0

[Event "Ljubljana-chT 73rd"]
[Site "Ljubljana"]
[Date "2020.01.23"]
[Round "2.3"]
[White "Timagina, Sofia"]
[Black "Grasic, Marjan"]
[Result "0-1"]
[WhiteElo "1092"]
[BlackElo "1731"]
[PlyCount "80"]
[EventDate "2020.01.16"]
[EventType "team-swiss"]
[EventRounds "6"]
[EventCountry "SLO"]
[SourceTitle "EXT 2024"]
[Source "ChessBase"]
[SourceDate "2023.10.10"]
[SourceVersion "1"]
[SourceVersionDate "2023.10.10"]
[SourceQuality "1"]
[WhiteTeam "Menges Trzin III"]
[BlackTeam "Menges Trzin II"]
[WhiteTeamCountry "SLO"]
[BlackTeamCountry "SLO"]

1. e4 e5 2. Bc4 Nf6 3. d3 Be7 4. Nf3 Nc6 5. Nc3 0-0 6. d4 Bb4 7. Bg5 h6 8. Bxf6 Qxf6 9. a3 exd4 10. axb4 dxc3 11. b3 Re8 12. Bd5 Nxb4 13. 0-0 c6 14. Ra4 a5 15. e5 Qg6 16. Nh4 Qxc2 17. Bxf7+ Kxf7 18. Qh5+ Kf8 19. Ng6+ Kg8 20. f4 d5 21. f5 Kh7 22. Nh4 Rxe5 23. Qg6+ Kg8 24. h3 Qe4 25. g4 Qe3+ 26. Kh1 Qxh3+ 27. Kg1 Qxh4 28. f6 Qxg4+ 29. Qxg4 Bxg4 30. f7+ Kf8 31. Kg2 d4 32. Kg3 Bh5 33. Rc1 c2 34. Kf4 Re2 35. Kg3 d3 36. Kf4 d2 37. Rg1 c1Q 38. Rxc1 dxc1Q+ 39. Kg3 Qe3+ 40. Kh4 g5+ 0-1

[Event "SLO-chT Central 2nd League"]
[Site "Slovenia"]
[Date "2011.09.08"]
[Round "1.1"]
[White "Kovacic, Andrej"]
[Black "Grasic, Marjan"]
[Result "0-1"]
[WhiteElo "1667"]
[BlackElo "1640"]
[PlyCount "120"]
[EventDate "2011.09.08"]
[EventType "team-tourn"]
[EventRounds "7"]
[EventCountry "SLO"]
[SourceTitle "EXT 2022"]
[Source "ChessBase"]
[SourceDate "2021.10.06"]
[SourceVersion "1"]
[SourceVersionDate "2021.10.06"]
[SourceQuality "1"]

1. e4 e5 2. Nf3 Nc6 3. Bb5 a6 4. Bxc6 dxc6 5. Nxe5 Qd4 6. Nf3 Qxe4+ 7. Qe2 Bf5 8. Nd4 0-0-0 9. Nxf5 Qxf5 10. d3 Bb4+ 11. Bd2 Nf6 12. 0-0 Rhe8 13. Qd1 Bc5 14. h3 g5 15. Bc3 Bd4 16. Bxd4 Rxd4 17. f3 Rdd8 18. Nc3 h5 19. g4 Qc5+ 20. Kg2 Qd6 21. Qd2 h4 22. Qf2 Nd5 23. Ne4 Nf4+ 24. Kh1 Qe5 25. Qh2 f6 26. b3 Qd4 27. Qf2 Qxf2 28. Rxf2 Nxh3 29. Rh2 Nf4 30. Nxf6 Re3 31. Rf1 Rf8 32. Ne4 Ne2 33. Kg2 Nf4+ 34. Kf2 Re2+ 35. Kg1 Rxh2 36. Kxh2 Ne6 37. c3 b6 38. Kg2 Kd7 39. Kf2 c5 40. Ke3 c6 41. d4 cxd4+ 42. cxd4 Kc7 43. b4 Rg8 44. Nf6 Rf8 45. Ne4 Rh8 46. Rh1 Re8 47. Kd3 Rh8 48. a4 Rd8 49. Nxg5 Nxg5 50. Rxh4 Nh3 51. Rh7+ Rd7 52. Rxd7+ Kxd7 53. Ke4 Ng5+ 54. Kf5 Ne6 55. Ke5 Nf8 56. g5 Ke7 57. d5 Nd7+ 58. Kd4 Kd6 59. dxc6 Kxc6 60. g6 Kd6 0-1

[Event "SLO-chT Central 2nd League"]
[Site "Slovenia"]
[Date "2010.09.30"]
[Round "3.1"]
[White "Bogataj, Tomaz"]
[Black "Grasic, Marjan"]
[Result "0-1"]
[WhiteElo "1607"]
[BlackElo "1577"]
[PlyCount "108"]
[EventDate "2010.09.09"]
[EventType "team-tourn"]
[EventRounds "9"]
[EventCountry "SLO"]
[SourceTitle "EXT 2022"]
[Source "ChessBase"]
[SourceDate "2021.10.06"]
[SourceVersion "1"]
[SourceVersionDate "2021.10.06"]
[SourceQuality "1"]
[WhiteTeam "Podpec Invec"]
[BlackTeam "Barob Smarca II"]
[WhiteTeamCountry "SLO"]
[BlackTeamCountry "SLO"]

1. d4 d5 2. e3 Nf6 3. Nf3 e6 4. a3 Bd6 5. c4 c6 6. Nbd2 a6 7. b4 b5 8. c5 Bc7 9. Bb2 0-0 10. Bd3 a5 11. 0-0 axb4 12. axb4 Rxa1 13. Qxa1 Na6 14. Bc3 Bb8 15. Qb2 Qc7 16. Ne5 Nd7 17. f4 f5 18. Nxd7 Qxd7 19. Nf3 Qe7 20. Qa3 Kh8 21. Kf2 h6 22. h4 Nc7 23. Ne5 Qxh4+ 24. Kg1 Qh5 25. Nxc6 Ba6 26. Qa5 Qe8 27. Ne5 Kh7 28. Be2 Rg8 29. Kf2 g5 30. Rh1 Qe7 31. Bh5 Bb7 32. Qa1 Ne8 33. Bf7 Rf8 34. Bh5 Nf6 35. Bg6+ Kg7 36. Bh5 Bxe5 37. dxe5 Ne4+ 38. Kf3 Nxc3 39. Qxc3 d4+ 40. c6 dxc3 41. cxb7 Qxb7+ 42. Kf2 Rd8 43. Bf3 Rd2+ 44. Kg3 gxf4+ 45. exf4 Rd3 46. Kf2 Qb6+ 47. Kg3 Qe3 48. Ra1 c2 49. Kh2 Qxf4+ 50. Kh3 Qg4+ 51. Kh2 Qh4+ 52. Kg1 Rxf3 53. Ra7+ Kg6 54. Rg7+ Kxg7 0-1

[Event "Ljubljana-chT 62nd 3rd League"]
[Site "Ljubljana"]
[Date "2009.02.12"]
[Round "6.1"]
[White "Grasic, Marjan"]
[Black "More, Erlend"]
[Result "0-1"]
[WhiteElo "1609"]
[BlackElo "1735"]
[PlyCount "74"]
[EventDate "2009.01.08"]
[EventType "team-tourn"]
[EventRounds "10"]
[EventCountry "SLO"]
[SourceTitle "EXT 2022"]
[Source "ChessBase"]
[SourceDate "2021.10.06"]
[SourceVersion "1"]
[SourceVersionDate "2021.10.06"]
[SourceQuality "1"]

1. e4 c6 2. d4 d5 3. Nc3 dxe4 4. Nxe4 Bf5 5. Ng3 Bg6 6. Nf3 Nd7 7. Bd3 Bxd3 8. Qxd3 Ngf6 9. 0-0 e6 10. Bf4 Be7 11. c4 0-0 12. a3 c5 13. Rad1 cxd4 14. Qxd4 a5 15. Bd6 Bxd6 16. Qxd6 Rc8 17. Rc1 Rc6 18. Qd4 Qc7 19. Rfd1 b5 20. b3 e5 21. Qh4 g6 22. Ne4 Nxe4 23. Qxe4 Re8 24. Qd5 Nf6 25. Qxb5 e4 26. Nd4 Rc5 27. Qa6 Ng4 28. g3 Qe5 29. h3 e3 30. hxg4 exf2+ 31. Kxf2 Qe3+ 32. Kg2 Qe4+ 33. Kh2 Qxg4 34. Qd6 Rh5+ 35. Kg2 Qe4+ 36. Nf3 Qe2+ 37. Kg1 Qxf3 0-1